| 000 | 00569nam a22001697a 4500 | ||
|---|---|---|---|
| 020 | _qHard Cover. | ||
| 082 | _a004 | ||
| 100 | _aSattar, Kashif. | ||
| 245 |
_aSimultaneous Escape Routing SER with Application to PCB / _cKashif Sattar. |
||
| 260 |
_aIslamabad: _bSEECS -NUST, _c2017. |
||
| 300 |
_a144 p.: ill.; _c35cm. |
||
| 650 |
_aPhD-Information Technology _9123221 |
||
| 700 |
_aSupervisor:Dr. Anjum Naveed _9124731 |
||
| 856 | _uhttp://10.250.8.41:8080/xmlui/handle/123456789/25929 | ||
| 942 |
_2ddc _cSC |
||
| 999 |
_c531463 _d531463 |
||